Tertulia sociológica : diálogos con Bajoit, Martuccelli, Wieviorka, Lahire, Giménez, Hiernaux, Lalive d'Epinay, Moulian, Portes /

Gorde:
Xehetasun bibliografikoak
Egile nagusia: Suárez Suárez, Hugo José (autor)
Formatua: Liburua
Hizkuntza:gaztelania
Argitaratua: México : UNAM, Instituto de Investigaciones Sociales : Bonilla Artigas Editores, 2009, c2009
Gaiak:
Etiketak: Etiketa erantsi
Etiketarik gabe, Izan zaitez lehena erregistro honi etiketa jartzen!

MARC

LEADER 00000nam^a2200000^a^4500
001 000354009
005 20250521000000.0
009 20260310115123.177
020 |a 978-607-75-8811-5 
037 |a Acervo ITESO - Biblioteca 
041 |a ESP 
082 |a 300. 1  |b SUA 
100 |a Suárez Suárez, Hugo José  |e (autor) 
245 1 0 |a Tertulia sociológica :  |b diálogos con Bajoit, Martuccelli, Wieviorka, Lahire, Giménez, Hiernaux, Lalive d'Epinay, Moulian, Portes /  |c H.J. Suárez Suárez. 
264 4 |a México :  |b UNAM, Instituto de Investigaciones Sociales :  |b Bonilla Artigas Editores,  |c 2009, c2009 
300 |a 178 p. 
336 |a texto  |b txt  |2 rdacontenido 
337 |a sin mediación  |b n  |2 rdamedio 
338 |a volumen  |b nc  |2 rdasoporte 
521 |a 2015 BO Licenciatura en Ciencias de la Educación 
649 |a XX 
650 |a Conocimiento 
650 |a Identidad Cultural 
650 |a Intervención Social 
650 |a Acción Social 
650 |a Movimientos Sociales 
650 |a Cambios Sociales y Culturales 
650 |a Sociedad Postindustrial 
650 |a Política -  |z Chile -  |x Historia -  |y 1973-1990 
650 |a Política -  |z Chile -  |x Historia -  |y 1990-1999 
650 |a Sociología Política 
650 |a Sociología de la Cultura 
650 |a Sociología -  |x Investigación 
650 |a Sociología -  |x Metodología 
650 |a Sociología -  |x Teoría -  |x Tema Principal 
650 |a Ciencias Sociales -  |x Metodología 
650 |a Ciencias Sociales -  |x Teoría 
650 |a Bajoit, Guy 
650 |a Martuccelli Danilo 
650 |a Wieviorka, Michel 
650 |a Lahire, Bernard 
650 |a Giménez, Gilberto 
650 |a Hiernaux, Jean-Pierre 
650 |a Lalive d'Epinay, Christian 
650 |a Moulian, Tomás 
650 |a Portes, Alejandro 
910 |a Fondo General 
920 |a Impresos - Libros 
930 |a Colección General 
905 |a 101 
901 |a 0500246855  |b IT1  |c ACC  |i C146677  |u 20250521 
901 |a 0500246852  |b IT1  |c ACC  |i C146678  |u 20250521 
902 |a https://opac.biblio.iteso.mx/vufind/Record/000354009